Music Quiz

Random Music or Verse Quiz

Song Lyrics Match-Up Quiz Stats

 Plays Quiz Updated Aug 4, 2014

Support Sporcle.
Go Orange.
Score 0/20 Timer 05:00
1 Play Today
% Correct
Hey Jude (Beatles)
91.4%
Oops I Did it Again (Britney Spears)
80.8%
My Girl (Temptations)
76.5%
American Pie (Don McLean)
73.4%
Mrs. Robinson (Simon and Garfunkel)
72%
Party Rock Anthem (LMFAO)
69.5%
Enter Sandman (Metallica)
62.4%
Pumped Up Kicks (Foster the People)
58.5%
99 Problems (Jay-Z)
57.9%
Hey Ya (Outkast)
54.7%
% Correct
All I Wanna Do (Sheryl Crow)
53.1%
Vogue (Madonna)
51.6%
Jeremy (Pearl Jam)
47%
Friends in Low Places (Garth Brooks)
45.4%
Have a Cigar (Pink Floyd)
42.8%
Conga (Gloria Estefan)
36.1%
Hot Stuff (Donna Summer)
33.9%
Volare (Dean Martin)
31.9%
Super Freak (Rick James)
27.5%
Kids (MGMT)
27.4%

You're not logged in!

Compare scores with friends on all Sporcle quizzes.
OR
Log In

From the Vault

Cartoons by Socks Click IV

by JackDots

A lot of cartoon animals don't even wear pants, let alone socks.
Remove Ads.
Support Sporcle.
Get the best of Sporcle when you Go Orange. This ad-free experience offers more features, more stats, and more fun while also helping to support Sporcle. Thank you for becoming a member.

Show Comments

Extras

Top Quizzes Today


Score Distribution

Your Account Isn't Verified!

In order to create a playlist on Sporcle, you need to verify the email address you used during registration. Go to your Sporcle Settings to finish the process.

Report this User

Report this user for behavior that violates our Community Guidelines.

Details: